[Event "AUT-ch U10 Girls"]
[Site "St Kanzian"]
[Date "2019.06.23"]
[Round "7"]
[White "Strateva, Sophia"]
[Black "Bernhart, Alexandra"]
[Result "0-1"]
[WhiteElo "800"]
[BlackElo "800"]
[PlyCount "42"]
[EventDate "2019.06.21"]
[EventType "swiss"]
[EventRounds "7"]
[EventCountry "AUT"]
[SourceTitle "CBM 191 Extra"]
[Source "ChessBase"]
[SourceDate "2019.09.30"]
[SourceVersion "1"]
[SourceVersionDate "2019.09.30"]
[SourceQuality "1"]

1. e4 c5 2. Nc3 Nc6 3. Nf3 g6 4. Be2 Bg7 5. 0-0 Nf6 6. d3 e5 7. h3 0-0 8. Bg5 d6 9. Bxf6 Qxf6 10. Nd5 Qd8 11. Nd2 Bxh3 12. gxh3 Qh4 13. Bg4 h5 14. Bf3 Qxh3 15. Be2 f6 16. f3 Bh6 17. f4 exf4 18. Nxf4 Qe3+ 19. Kg2 Bxf4 20. Nc4 Qg3+ 21. Kh1 Qh2# 0-1